| 000 | 00648nam a2200229Ia 4500 | ||
|---|---|---|---|
| 001 | 1096 | ||
| 003 | GE_BSU | ||
| 008 | 181216s||||||||xx |||||||||||||| ||und|| | ||
| 020 | _a9851342432 | ||
| 040 | _cGE_BSU | ||
| 080 | _a174 | ||
| 245 | _a30 главных правил делового этикета. | ||
| 245 | _bКак вести себя в деловом обществе. | ||
| 245 | _cАвт-сост.Т.И.Ревяко | ||
| 260 | _aМинск | ||
| 260 | _bХарвест | ||
| 260 | _c2005 | ||
| 300 | _a96стр. | ||
| 541 | _h3л. | ||
| 653 | _a30 главных правил делового этикета | ||
| 942 | _cBK | ||
| 999 |
_c35249 _d35249 |
||